Statistics for Qasem Soleimani International Airport Destinations (Ahvaz, Iran)

Click here to take the quiz!

General Stats

  • This quiz has been taken 4 times
  • The average score is 11 of 22

Answer Stats

AirlineDestination% Correct
Iran AirDubai (International)
100%
Iran Aseman Airlines/Karun Airlines/Zagros AirlinesIsfahan
100%
Karun AirlinesIstanbul
100%
Iran AirJeddah
100%
ATA Airlines/Caspian Airlines/Iran Air/Iran Airtour/Iran Aseman Airlines/Karun Airlines/Kish Air/Qeshm Air/Sepehran Airlines/Taban Air/Varesh Airlines/Zagros AirlinesMashhad
100%
Iran AirMedina
100%
ATA Airlines/Caspian Airlines/Chabahar Airlines/Iran Air/Iran Airtour/Iran Aseman Airlines/Karun Airlines/Kish Air/Mahan Air/Pars Air/Qeshm Air/Sepehran Airlines/Taban Air/Varesh Airlines/Zagros AirlinesTehran (Mehrabad)
100%
Mahan AirKerman
75%
Iran Air/Iran Aseman Airlines/Karun Airlines/Mahan AirShiraz
75%
Karun AirlinesTabriz
75%
Karun AirlinesBandar Abbas
50%
Kish Air/Qeshm Air/Zagros AirlinesKish
50%
Iran Air/Karun AirlinesKuwait City
50%
Karun AirlinesRasht
25%
Karun AirlinesYazd
25%
Mahan AirAsaluyeh
0%
Karun AirlinesBushehr
0%
Karun AirlinesKharg
0%
Karun AirlinesLamerd
0%
Karun AirlinesLavan
0%
Iran Aseman AirlinesSari
0%
Karun AirlinesSirri Island
0%

Score Distribution

Percentile by Number Answered

Percent of People with Each Score

Your Score History

You have not taken this quiz